BSOP header

Christ in art [videorecording] : (Record no. 7397)

MARC details
000 -LEADER
fixed length control field 00641nam a2200181 4500
008 - FIXED-LENGTH DATA ELEMENTS--GENERAL INFORMATION
fixed length control field 020502s1988 us eng
020 ## - INTERNATIONAL STANDARD BOOK NUMBER
International Standard Book Number 0001397885
090 ## - LOCALLY ASSIGNED LC-TYPE CALL NUMBER (OCLC); LOCAL CALL NUMBER (OCLC)
Classification number (OCLC) (R) ; Classification number, CALL (RLIN) (NR) 246
Local cutter number (OCLC) ; Book number/undivided call number, CALL (RLIN) H89
100 1# - MAIN ENTRY--PERSONAL NAME
Personal name Hunkin, Oliver
245 10 - TITLE STATEMENT
Title Christ in art [videorecording] :
Remainder of title as seen through teh eyes of the old masters /
Statement of responsibility, etc hosted by Oliver Hunkin.
260 ## - PUBLICATION, DISTRIBUTION, ETC. (IMPRINT)
Place of publication, distribution, etc Worcester, PA :
Name of publisher, distributor, etc Gateway/Vision Video,
Date of publication, distribution, etc c1988.
300 ## - PHYSICAL DESCRIPTION
Extent videocassette (45 mins.) :
Other physical details sd., col.
500 ## - GENERAL NOTE
General note Three programs on one tape
500 ## - GENERAL NOTE
General note VHS [original]
650 #4 - SUBJECT ADDED ENTRY--TOPICAL TERM
Topical term or geographic name as entry element Christianity and art.
650 #4 - SUBJECT ADDED ENTRY--TOPICAL TERM
Topical term or geographic name as entry element Jesus Christ
General subdivision Art.
951 ## - EQUIVALENCE OR CROSS-REFERENCE-GEOGRAPHIC NAME/AREA NAME [OBSOLETE] [CAN/MARC only]
-- V-1297
-- 246/H89
-- 070613111100296
-- 2000-12-21
-- VT
Holdings
Withdrawn status Lost status Damaged status Not for loan Home library Current library Shelving location Date acquired Accession number Shelving control number Total Checkouts Full call number Date last seen Price effective from Koha item type
        BSOP Library BSOP Library Video Tapes 12/21/2000 V-1297 127   246/H89 02/23/2013 02/23/2013 Books
BSOP

Biblical Seminary of the Philippines
  All rights Reserved
  © 2024

CONTACT INFORMATION

Biblical Seminary of the Philippines,
  77-B Karuhatan Road, Valenzuela City,
  PHILIPPINES 1441
  Phone: +632 8292-6795 / 8292-6798
  Fax : +632 8292-6675
  Email: library@bsop.edu.ph